ars pro toto vedecký a umelecký časopis
| Ďalší autori: | |
|---|---|
| Médium: | Časopis |
| Jazyk: | slovenčina čeština angličtina |
| Fyzický popis: | zv. 32 cm |
| Vydavateľské údaje: |
Banská Štiavnica
Hudobná a umelecká akadémia Jána Albrechta
2012-
|
| ISSN: | 1338-6913 |
| Predmet: |
MARC
| LEADER | 00000cas a2200000 a 4500 | ||
|---|---|---|---|
| 001 | vtls010636534 | ||
| 003 | SK-MaSNL | ||
| 005 | 20260228161140.0 | ||
| 008 | 141119c20129999xo fr|p 0 0slo | ||
| 022 | |a 1338-6913 | ||
| 040 | |a SVKBB |b slo |c SVKBB |d SNK |e AACR2 | ||
| 041 | 0 | |a slo |a cze |a eng |b cze |b eng | |
| 044 | |a xo |c SK | ||
| 072 | 7 | |a 78 |x Hudba |2 konspekt | |
| 072 | 7 | |a 72/76 |x Výtvarné umenie |2 konspekt | |
| 080 | |a 78 |2 2011 | ||
| 080 | |a 72/76 |2 2011 | ||
| 080 | |a (051)001 |2 2011 | ||
| 080 | |a 050 |2 2011 | ||
| 080 | |a 78-027.22 |2 2011 | ||
| 210 | 0 | |a Ars toto | |
| 222 | 0 | |a Ars pro toto | |
| 245 | 0 | 0 | |a ars pro toto |b vedecký a umelecký časopis |
| 260 | |a Banská Štiavnica |b Hudobná a umelecká akadémia Jána Albrechta |c 2012- | ||
| 300 | |a zv. |c 32 cm | ||
| 310 | |a 2x ročne | ||
| 362 | 0 | |a Roč. I, č. 1-2 (2012)- | |
| 500 | |a Editor: 2012- , Zuzana Martináková | ||
| 500 | |a Podnázov v tiráži: vedecký a umelecký časopis Hudobnej a umeleckej akadémie Jána Albrechta Banská Štiavnica | ||
| 500 | |a Súbežný podnázov angl. | ||
| 500 | |a Registračné č. MK SR: EV 5725/18 | ||
| 546 | |a Čiast. text v češ., aj angl. ; Abstrakty čes. a angl. | ||
| 650 | 0 | 7 | |a hudba |2 SNKPH |9 1063 |
| 650 | 0 | 7 | |a umenie |2 SNKPH |9 1060 |
| 650 | 0 | 7 | |a hudobný život |2 SNKPH |9 3181 |
| 650 | 0 | 7 | |a Music |2 SNKPHeng |9 265352 |
| 650 | 0 | 7 | |a Art |2 SNKPHeng |9 266209 |
| 650 | 0 | 7 | |a Music life |2 SNKPHeng |9 268082 |
| 655 | 7 | |a vedecké časopisy |2 SNKPH |9 70520 | |
| 655 | 7 | |a Scientific journals |2 SNKPHeng |9 265227 | |
| 700 | 1 | |a Martináková, Zuzana, |d 1958- |4 edt | |
| 710 | 2 | |a Hudobná a umelecká akadémia Jána Albrechta v Banskej Štiavnici |4 pbl |9 56588 | |
| 852 | |a Štátna vedecká knižnica v Banskej Bystrici | ||
| 910 | |a snk | ||
| 916 | |a 2012-2014 | ||
| 999 | |c 4487 |d 6417 | ||
| 952 | |0 0 |1 0 |4 0 |7 0 |8 0 |a SNK |b SNK |d 2024-03-21 |i snk2024/4798 |l 0 |o snkČSB 5987/4/2015 |p 17A1522858 |r 2026-02-21 19:57:36 |t č. 1-2 |w 2026-02-21 |y PREZ | ||
| 952 | |0 0 |1 0 |4 0 |7 0 |8 0 |a SNK |b SNK |d 2024-03-21 |i snk2024/4799 |l 0 |o snkČSB 5987/5/2016 |p 17A1522859 |r 2026-02-21 19:57:36 |t č. 1-2 |w 2026-02-21 |y PREZ | ||
| 952 | |0 0 |1 0 |4 0 |7 0 |8 0 |a SNK |b SNK |d 2024-03-21 |i snk2024/4800 |l 0 |o snkČSB 5987/6/2017 |p 17A1522860 |r 2026-02-21 19:57:36 |t č. 1-2 |w 2026-02-21 |y PREZ | ||
| 952 | |0 0 |1 0 |4 0 |7 0 |8 0 |a SNK |b SNK |d 2024-03-21 |i snk2024/4815 |l 0 |o snkČSB 5987/7/2018 |p 17A1522861 |r 2026-02-21 19:57:36 |t č. 1-2 |w 2026-02-21 |y PREZ | ||
| 952 | |0 0 |1 0 |4 0 |7 0 |8 1 |a SNK |b SNK |d 2024-03-21 |i snk2024/4816 |l 0 |o snkČSB 5987/8/2019 |p 17A1522862 |r 2026-02-21 19:57:36 |t č. 1-2 |w 2026-02-21 |y PREZ | ||
| 952 | |0 0 |1 0 |4 0 |7 0 |8 0 |a SNK |b SNK |d 2024-03-21 |i snk2024/4817 |l 0 |o snkČSB 5987/9/2020 |p 17A1522863 |r 2026-02-21 19:57:36 |t č. 1-2 |w 2026-02-21 |y PREZ | ||
| 952 | |0 0 |1 0 |4 0 |7 0 |8 0 |a SNK |b SNK |d 2024-03-21 |i snk2024/4818 |l 0 |o snkČSB 5987/10/2021 |p 17A1522864 |r 2026-02-21 19:57:36 |t č. 1-2 |w 2026-02-21 |y PREZ | ||
| 952 | |0 0 |1 0 |4 0 |7 0 |8 0 |a SNK |b SNK |d 2024-03-21 |i snk2024/4820 |l 0 |o snkČSB 5987/11/2022 |p 17A1522865 |r 2026-02-21 19:57:36 |t č. 1-2 |w 2026-02-21 |y PREZ | ||
| 952 | |0 0 |1 0 |4 0 |7 0 |8 0 |a SNK |b SNK |d 2024-03-21 |i snk2024/4823 |l 0 |o snkČSB 5987/4/2015 D1 |p 17A1522866 |r 2026-02-21 19:57:36 |t č. 1-2 |w 2026-02-21 |y PREZ | ||
| 952 | |0 0 |1 0 |4 0 |7 0 |8 0 |a SNK |b SNK |d 2024-03-21 |i snk2024/4824 |l 0 |o snkČSB 5987/5/2016 D1 |p 17A1522867 |r 2026-02-21 19:57:36 |t č. 1-2 |w 2026-02-21 |y PREZ | ||
| 952 | |0 0 |1 0 |4 0 |7 0 |8 0 |a SNK |b SNK |d 2024-03-21 |i snk2024/4827 |l 0 |o snkČSB 5987/6/2017 D1 |p 17A1522868 |r 2026-02-21 19:57:36 |t č. 1-2 |w 2026-02-21 |y PREZ | ||
| 952 | |0 0 |1 0 |4 0 |7 0 |8 0 |a SNK |b SNK |d 2024-03-21 |i snk2024/4829 |l 0 |o snkČSB 5987/7/2018 D1 |p 17A1522869 |r 2026-02-21 19:57:36 |t č. 1-2 |w 2026-02-21 |y PREZ | ||
| 952 | |0 0 |1 0 |4 0 |7 0 |8 1 |a SNK |b SNK |d 2024-03-21 |i snk2024/4831 |l 0 |o snkČSB 5987/8/2019 D1 |p 17A1522870 |r 2026-02-21 19:57:37 |t č. 1-2 |w 2026-02-21 |y PREZ | ||
| 952 | |0 0 |1 0 |4 0 |7 0 |8 0 |a SNK |b SNK |d 2024-03-21 |i snk2024/4833 |l 0 |o snkČSB 5987/9/2020 D1 |p 17A1522871 |r 2026-02-21 19:57:37 |t č. 1-2 |w 2026-02-21 |y PREZ | ||
| 952 | |0 0 |1 0 |4 0 |7 0 |8 0 |a SNK |b SNK |d 2024-03-21 |i snk2024/4834 |l 0 |o snkČSB 5987/10/2021 D1 |p 17A1522872 |r 2026-02-21 19:57:37 |t č. 1-2 |w 2026-02-21 |y PREZ | ||
| 952 | |0 0 |1 0 |4 0 |7 0 |8 0 |a SNK |b SNK |d 2024-03-21 |i snk2024/4835 |l 0 |o snkČSB 5987/11/2022 D1 |p 17A1522873 |r 2026-02-21 19:57:37 |t č. 1-2 |w 2026-02-21 |y PREZ | ||
| 952 | |0 0 |1 0 |4 0 |7 0 |8 0 |a SNK |b SNK |d 2015-05-25 |f 1 |i snk2015/16547 |l 0 |o snkČSB 5987/1/2012 |p 17A1096611 |r 2026-02-21 21:34:37 |t č. 1-2 |w 2026-02-21 |y PREZ | ||
| 952 | |0 0 |1 0 |4 0 |7 0 |8 0 |a SNK |b SNK |d 2015-05-25 |f 1 |i snk2015/16548 |l 0 |o snkČSB 5987/2/2013 |p 17A1096612 |r 2026-02-21 21:34:37 |t č. 1-2 |w 2026-02-21 |y PREZ | ||
| 952 | |0 0 |1 0 |4 0 |7 0 |8 0 |a SNK |b SNK |d 2015-05-25 |f 1 |i snk2015/16552 |l 0 |o snkČSB 5987/3/2014 |p 17A1096613 |r 2026-02-21 21:34:37 |t č. 1-2 |w 2026-02-21 |y PREZ | ||
| 952 | |0 0 |1 0 |4 0 |7 0 |8 0 |a SNK |b SNK |d 2015-05-25 |i snk2015/16553 |l 0 |o snkČSB 5987/1/2012 D1 |p 17A1096614 |r 2026-02-21 21:34:37 |t č. 1-2 |w 2026-02-21 |y PREZ | ||
| 952 | |0 0 |1 0 |4 0 |7 0 |8 0 |a SNK |b SNK |d 2019-02-13 |i snk2019/4165 |l 0 |o snkČSB 5987/2/2013 D1 |p 17A1343529 |r 2026-02-21 21:57:22 |t č. 1-2 |w 2026-02-21 |y PREZ | ||
| 952 | |0 0 |1 0 |4 0 |7 0 |8 0 |a SNK |b SNK |d 2019-02-14 |i snk2019/4223 |l 0 |o snkČSB 5987/3/2014 D1 |p 17A1343530 |r 2026-02-21 22:28:15 |t č. 1-2 |w 2026-02-21 |y PREZ | ||


